[Event "Munich"]
[Site "Munich"]
[Date "1990.??.??"]
[Round "?"]
[White "Hickl, Joerg"]
[Black "Huebner, Robert"]
[Result "1/2-1/2"]
[WhiteElo "2500"]
[BlackElo "2595"]

1.Nf3 d5 2.c4 c6 3.b3 Nf6 4.Bb2 Bg4 5.e3 e6 6.Be2 Be7 7.O-O O-O 8.d3 a5 9.a3 Na6
10.Nbd2 Nd7 11.Ne5 Bxe2 12.Qxe2 f6 13.Nxd7 Qxd7 14.Bc3 a4 15.b4 Nc7 16.Rad1 e5
17.Nf3 Rfd8 18.e4 Qe6 19.exd5 cxd5 20.Rfe1 Rd7 21.c5 Qa6 22.Nh4 Bf8 23.Qg4 Qe6
24.Qxe6+  1/2-1/2

[Event "Nea Makri zt"]
[Site "Nea Makri"]
[Date "1990.??.??"]
[Round "?"]
[White "Oney, Feridun"]
[Black "Skembris, Spyridon"]
[Result "1/2-1/2"]
[WhiteElo "2320"]
[BlackElo "2470"]

1.Nf3 d5 2.c4 d4 3.g3 g6 4.d3 Bg7 5.Bg2 Nf6 6.O-O O-O 7.Na3 c5 8.Nc2 Nc6
9.Bd2 a5 10.Qc1 Re8 11.b3 e5 12.Bg5 Qd7 13.e4 dxe3 14.Qxe3 Ng4 15.Qe2 h6
16.Bd2 b6 17.h3 Nf6 18.Rad1 Bb7 19.Bc3 Nh7 20.Rfe1 Rad8 21.a3 Qc8 22.Ba1 Re6
23.Qf1 Rde8 24.Ne3 Nd4 25.Bxd4 cxd4 26.Nd5 f5 27.Nd2 Nf6 28.Kh2 Kh8 29.Qh1 Qd8
30.b4 axb4 31.axb4 Nxd5 32.cxd5 Rd6 33.Nc4 Rd7 34.b5 Bxd5 35.Bxd5 Rxd5 36.Nxb6 Rxb5
37.Nc4 Rc5 38.Ra1 e4 39.Ra7 Rc7 40.Ra6 Kh7 41.dxe4 Rxc4 42.exf5 gxf5 43.Rxe8 Qxe8
44.Qd5 Qc8 45.Ra8 Rc5 46.Qa2 Qd7 47.Qg8+ Kg6 48.Rd8 Qc7 49.Qe6+ Kh7 50.Qg8+ Kg6
51.Qe6+  1/2-1/2

[Event "New York Manhattan"]
[Site "New York"]
[Date "1990.??.??"]
[Round "4"]
[White "Wojtkiewicz, Aleksander"]
[Black "Bykhovsky, Avigdor"]
[Result "1/2-1/2"]
[WhiteElo "2550"]
[BlackElo "2495"]

1.Nf3 d5 2.c4 e6 3.g3 Nf6 4.Bg2 a6 5.b3 c5 6.cxd5 exd5 7.d4 Nc6 8.O-O Be7
9.Bb2 O-O 10.Nc3 Bg4 11.dxc5 Bxc5 12.h3 Bf5 13.e3 Rc8 14.Ne2 Nb4 15.Nf4 Be4
16.Nd4 Bxd4 17.Bxd4 Nc2 18.Rc1 Nxd4 19.Qxd4 Qa5 20.a4 h6 21.Qb2 Rfd8 22.Rfd1  1/2-1/2

[Event "New York op"]
[Site "New York"]
[Date "1990.??.??"]
[Round "5"]
[White "Wojtkiewicz, Aleksander"]
[Black "Machulsky, Anatoly D"]
[Result "1/2-1/2"]
[WhiteElo "2550"]
[BlackElo "2495"]

1.Nf3 d5 2.c4 e6 3.d4 c6 4.Qc2 Nf6 5.g3 Bd6 6.Bg2 O-O 7.O-O Nbd7 8.Bg5 h6
9.Bxf6 Nxf6 10.Nbd2 b6 11.e4 dxe4 12.Nxe4 Nxe4 13.Qxe4 Bb7 14.Ne5 Rc8 15.Rad1 Qe7
16.f4 Ba6 17.Rfe1 c5 18.d5 exd5 19.cxd5 Rce8 20.Qf5 Bc8 21.Qh5 b5  1/2-1/2

[Event "New York op"]
[Site "New York"]
[Date "1990.??.??"]
[Round "9"]
[White "Tal, Mihail"]
[Black "Dlugy, Maxim"]
[Result "1/2-1/2"]
[WhiteElo "2585"]
[BlackElo "2525"]

1.Nf3 d5 2.c4 dxc4 3.e3 Nf6 4.Bxc4 e6 5.d4 c5 6.O-O a6 7.a4 Nc6 8.Nc3 Be7
9.Qe2 cxd4 10.Rd1 e5 11.exd4 exd4 12.Nxd4 Nxd4 13.Qe5 Qd6 14.Qxd6 Bxd6 15.Rxd4 Be5  1/2-1/2

[Event "NOR-ch"]
[Site "NOR"]
[Date "1990.??.??"]
[Round "5"]
[White "Tisdall, Jonathan D"]
[Black "Ostenstad, Berge"]
[Result "1/2-1/2"]
[WhiteElo "2425"]
[BlackElo "2425"]

1.Nf3 d5 2.c4 e6 3.d4 Nf6 4.Nc3 Be7 5.g3 O-O 6.Bg2 Nbd7 7.b3 c6 8.O-O b6
9.Bb2 Bb7 10.Qd3 Rc8 11.Rad1 Qc7 12.e4 dxe4 13.Nxe4 Nxe4 14.Qxe4 c5 15.Qe2 Bf6
16.dxc5 bxc5 17.Bxf6 Nxf6 18.Rd3 Be4 19.Re3  1/2-1/2

[Event "Novi Sad ol (Men)"]
[Site "Novi Sad"]
[Date "1990.??.??"]
[Round "4"]
[White "Karkanaque, Ilir"]
[Black "Van Riemsdijk, Herman C"]
[Result "1/2-1/2"]
[WhiteElo "2375"]
[BlackElo "2440"]

1.Nf3 d5 2.c4 d4 3.e3 Nc6 4.exd4 Nxd4 5.Nxd4 Qxd4 6.Nc3 e5 7.d3 Be6 8.Be3 Qd7
9.d4 exd4 10.Qxd4 Qxd4 11.Bxd4 O-O-O 12.O-O-O Ne7 13.Ne4 Nf5 14.Bc3 Rxd1+
15.Kxd1 Be7 16.Bd3 Rd8 17.Ke2 Nd4+ 18.Ke3 c5 19.h4 h6 20.Ng3 Re8 21.Kd2 Rd8
22.Ke3 Bd6 23.Ne4 Nf5+ 24.Ke2 Be7 25.g3 Nd4+ 26.Ke3 Bg4 27.f4 Nf5+ 28.Kd2 Bf8
29.Nf2 Bf3 30.Rg1 f6 31.Kc1 Nd4 32.Re1 Bc6 33.h5 Kc7 34.Bg6 Nf3 35.Rd1 Nh2
36.Rxd8 Kxd8 37.Nd1 Nf1 38.Be1 Bf3 39.Bf2 Bd6 40.Nc3 b6 41.Kc2 Kd7  1/2-1/2

[Event "Novi Sad ol (Men)"]
[Site "Novi Sad"]
[Date "1990.??.??"]
[Round "5"]
[White "Djuric, Stefan"]
[Black "Barlov, Dragan"]
[Result "1/2-1/2"]
[WhiteElo "2515"]
[BlackElo "2495"]

1.Nf3 d5 2.c4 c6 3.e3 Nf6 4.Nc3 g6 5.cxd5 cxd5 6.Bb5+ Nbd7 7.Qb3 e6 8.d4 Be7
9.O-O O-O 10.Bd2 a6 11.Bxd7 Nxd7 12.e4 dxe4 13.Nxe4 Nf6 14.Nxf6+ Bxf6 15.Bb4 Re8
16.Ne5 Bg7 17.Nc4 a5 18.Bc5 Qd5 19.Nb6 Qxb3 20.axb3 Ra6 21.Rfd1 Bf8 22.f4 Rd8
23.Kf2 Bd7 24.Nc4 Bc6 25.Bxf8 Kxf8 26.Rxa5 Rxa5 27.Nxa5 Bd5 28.Rc1 Ra8 29.Nc4 Kg7
30.g4 Ra2 31.Rc2 Be4 32.Rd2 Bd5 33.Rc2 Be4 34.Re2 Bd5 35.g5 h6 36.h4 hxg5
37.hxg5 f6 38.Rc2 Be4 39.Rc3 Bd5 40.Ke3 Ra1 41.Nd6 fxg5 42.fxg5 Rf1 43.b4 Rf3+
44.Ke2 Rf4 45.b5 Rxd4 46.Nxb7 Rb4 47.Nd6 Kf8 48.Rc7 Rxb2+ 49.Ke3 Rb4 50.Rf7+ Kg8
51.Rf4 Rb1 52.Kd4 Rg1 53.Nf7 Kf8 54.Ne5+ Ke7 55.Rf7+ Ke8 56.Ra7 Rxg5 57.b6 Rf5
58.Nxg6 Rf7 59.Ra1 Rg7 60.Nf4 Rg5 61.Ra5 Kd7 62.Nxd5 Rg4+ 63.Kc5 exd5 64.Ra8 Rc4+
65.Kb5 Rc1 66.b7 Rb1+ 67.Ka6 Ra1+ 68.Kb6 Rb1+ 69.Ka7 Ra1+ 70.Kb8 Rb1 71.Ra2 Kd6
72.Ka7 Kc5 73.Rc2+ Kd4 74.Rc6 Ke3 75.Re6+ Kd3 76.Rb6 Ra1+ 77.Kb8 Rh1 78.Kc7 Rh8
79.Kd6 d4 80.b8=Q Rxb8 81.Rxb8 Kc2 82.Rc8+ Kb2 83.Ke5 d3 84.Rd8 Kc2  1/2-1/2

[Event "Novi Sad ol (Men)"]
[Site "Novi Sad"]
[Date "1990.??.??"]
[Round "6"]
[White "Wong Meng Kong"]
[Black "Charpentier, William"]
[Result "0-1"]
[WhiteElo "2385"]
[BlackElo "2300"]

1.Nf3 d5 2.c4 e6 3.g3 c5 4.Bg2 Nc6 5.O-O Nf6 6.cxd5 exd5 7.d4 cxd4 8.Nxd4 Be7
9.Nxc6 bxc6 10.Qc2 Bd7 11.Be3 O-O 12.Nd2 Re8 13.Nb3 Qc8 14.Rfc1 Bf8 15.Bd4 Ne4
16.e3 a5 17.Nc5 Bxc5 18.Bxc5 Bf5 19.Qe2 Qe6 20.Bd4 Rac8 21.f3 Nd6 22.a4 Nb7
23.g4 Bg6 24.Qa6 Qd7 25.Qb6 Re6 26.Bf1 c5 27.Bb5 Qe7 28.Qa7 h6 29.Ra3 Kh7
30.Rac3 Rc7 31.Qb8 f5 32.h3 Qd6 33.Kg2 Ree7 34.Bxc5 Nxc5 35.Rxc5 fxg4 36.hxg4 Qxc5
37.Rxc5 Rxc5 38.Kg3 Rc2 39.Qb6 Rxb2 40.Qc5 Re6 41.Bd7 Rc2 42.Qa3 Rf6 43.Bb5 Rd2
44.Qc3 Rd1 45.Qxa5 Rg1+ 46.Kf2 Rxg4 47.Qd8 Rg5 48.f4 Be4 49.Be8 Rg2+ 50.Ke1 Rh2
51.a5 Ra2 52.Kd1 Bg6 53.Bb5 Bf7 54.Ke1 Rg6 55.Bf1 Rg1 56.Qc7 Bg6 57.Qc3 Rc2
58.Qa3 Rh2 59.a6 Rhh1 60.a7 Rxf1+ 61.Ke2 Rfg1 62.Kd2 d4  0-1

[Event "Novi Sad ol (Men)"]
[Site "Novi Sad"]
[Date "1990.??.??"]
[Round "9"]
[White "Espig, Lutz"]
[Black "Velikov, Petar"]
[Result "1/2-1/2"]
[WhiteElo "2505"]
[BlackElo "2495"]

1.Nf3 d5 2.c4 dxc4 3.e3 Nf6 4.Bxc4 e6 5.O-O a6 6.a4 c5 7.d4 Nc6 8.Qe2 Qc7
9.Nc3 Bd6 10.dxc5 Bxc5 11.Rd1 Bd7 12.Bd2 Ne5 13.Nxe5 Qxe5 14.e4  1/2-1/2

[Event "Novi Sad ol (Men)"]
[Site "Novi Sad"]
[Date "1990.??.??"]
[Round "12"]
[White "Wojtkiewicz, Aleksander"]
[Black "Skembris, Spyridon"]
[Result "1-0"]
[WhiteElo "2515"]
[BlackElo "2455"]

1.Nf3 d5 2.c4 e6 3.g3 Nf6 4.Bg2 c5 5.O-O Nc6 6.d4 Be7 7.dxc5 Bxc5 8.a3 O-O
9.b4 Be7 10.Bb2 a6 11.Nbd2 Re8 12.Rc1 Bd7 13.Qc2 Rc8 14.Qb1 h6 15.Rfd1 Qb6
16.e4 dxe4 17.Nxe4 Nxe4 18.Qxe4 Rcd8 19.Qg4 Bf8 20.Bf6 Ne7 21.Ne5 Bc8 22.Rxd8 Qxd8
23.Rd1 Qc7 24.Qh5 Nf5 25.Rd7 Bxd7 26.Qxf7+ Kh8 27.Be4 Qd6 28.Nxd7 Qd1+ 29.Kg2 Qe2
30.Bxg7+ Nxg7 31.Qg6 Nf5 32.Bxf5 exf5 33.Nf6  1-0

[Event "Oakham"]
[Site "Oakham"]
[Date "1990.??.??"]
[Round "?"]
[White "Regan, Natasha"]
[Black "Iosif, Cristina S"]
[Result "1/2-1/2"]
[WhiteElo "2010"]
[BlackElo "2220"]

1.Nf3 d5 2.c4 e6 3.g3 Nf6 4.Bg2 Be7 5.O-O O-O 6.b3 c5 7.e3 Nc6 8.Bb2 b6 9.cxd5 exd5
10.d4 Bb7 11.Nc3 Rc8 12.Rc1 Qd6 13.Nh4 cxd4 14.Nf5 Qe5 15.Nxe7+ Nxe7 16.exd4 Qg5
17.Ba3 Rfe8 18.Nb5 Ba6 19.Nd6 Bxf1 20.Bxf1 Ne4 21.Nxc8 Rxc8 22.Rxc8+ Nxc8
23.Bh3 Ne7 24.Qc2  1/2-1/2

[Event "Orange op"]
[Site "Orange"]
[Date "1990.??.??"]
[Round "2"]
[White "Velikov, Petar"]
[Black "Daurelle, Herve"]
[Result "1-0"]
[WhiteElo "2495"]
[BlackElo "2100"]

1.Nf3 d5 2.c4 e6 3.g3 c5 4.cxd5 exd5 5.d4 Nc6 6.Bg2 Nf6 7.O-O Be7 8.Be3 Ng4
9.Bf4 O-O 10.Nc3 Bf5 11.dxc5 d4 12.Nb5 Bxc5 13.Rc1 Bb6 14.Nd6 Qd7 15.Nh4 Be6
16.Nxb7 Bd5 17.Nc5 Qd8 18.e4 dxe3 19.Qxd5 e2 20.Rfe1 Nb4 21.Qxa8 Qd4 22.Qf3 Bxc5
23.Rxe2 Nd3 24.Nf5  1-0

[Event "Orange op"]
[Site "Orange"]
[Date "1990.??.??"]
[Round "3"]
[White "Pytel, Krzysztof"]
[Black "Mancini, Mario"]
[Result "1/2-1/2"]
[WhiteElo "2400"]
[BlackElo "2180"]

1.Nf3 d5 2.c4 d4 3.g3 Nc6 4.Bg2 e5 5.d3 Nf6 6.O-O Be7 7.b4 Bxb4 8.Nxe5 Nxe5
9.Qa4+ Nc6 10.Bxc6+ bxc6 11.Qxb4 Qd6 12.Ba3 Qxb4 13.Bxb4 Bh3 14.Re1 O-O-O
15.Nd2 Rhe8 16.Nb3 Re5 17.f3 Rde8 18.Kf2 Nd7 19.Bd2 c5 20.Rab1 h5 21.Na5 R5e6
22.Rb5 Rb6 23.Nb3 Ra6 24.Ra5 Ree6 25.Rb1 Reb6 26.Rxa6 Rxa6 27.Rb2 Rb6 28.Bc1 Kb7
29.e3 dxe3+ 30.Bxe3 Kc6 31.Na5+ Kd6 32.Bf4+ Ke6 33.Re2+ Kf6 34.Bxc7 Rb1 35.Nb3 Bf5
36.Ke3 Rd1 37.Nd2 g5 38.f4 gxf4+ 39.Bxf4 Kg6 40.Ne4 Bxe4 41.dxe4 Nf6 42.Kf3 Rd4
43.e5 Nd7 44.e6 fxe6 45.Rxe6+ Kf5 46.Rd6 Rxd6 47.Bxd6 a6 48.h3 Nb6 49.Bxc5 Nxc4
50.Bd4 Nd2+ 51.Ke3 Nf1+ 52.Kf2 Nd2 53.Be3 Nc4 54.Kf3 Ne5+ 55.Ke2 Ke4 56.Bf4 Nf3
57.Kf2 Nd4 58.Be3 Nf3 59.a4 Ne5 60.a5 Nf3 61.Bb6 Ne5 62.Bc7 Nf3 63.Bf4 Nd4
64.Bd2 Nf3 65.Bc3 Ng5 66.Kg2 Nf3 67.Bg7 Ng5 68.Bf6 Nf3 69.Kf2 Nd2 70.Ke2 Nf3
71.Kf2 Nd2 72.Bd8 Nf3 73.Bc7 Nd4 74.Kg2 Nc6 75.g4 hxg4 76.hxg4 Ne7 77.Bg3 Nd5
78.Kh3 Nf6 79.g5 Kf5 80.gxf6 Kxf6  1/2-1/2

[Event "Orange op"]
[Site "Orange"]
[Date "1990.??.??"]
[Round "5"]
[White "Pytel, Krzysztof"]
[Black "Velikov, Petar"]
[Result "1/2-1/2"]
[WhiteElo "2400"]
[BlackElo "2495"]

1.Nf3 d5 2.c4 dxc4 3.e3 Nf6 4.Bxc4 e6 5.d4 a6 6.Qe2 c5 7.dxc5 Bxc5 8.O-O Nbd7
9.a3 b5 10.Bd3 Bb7 11.b4 Bd6 12.Bb2 Qb8 13.Nbd2 O-O 14.Rfd1 h6 15.h3 Rd8
16.Rac1 Ne5 17.Nxe5 Bxe5 18.Nb3 Bxb2 19.Qxb2 Bd5 20.Nc5 Nd7 21.Bf1 Nxc5 22.Rxc5 Qb7
23.Qc3 Rac8 24.Rc1 Rxc5 25.Qxc5 Qd7 26.Qb6  1/2-1/2

[Event "Paris-ch"]
[Site "Paris"]
[Date "1990.??.??"]
[Round "?"]
[White "Foisor, Cristina Adela B"]
[Black "Wallyn, Alexandre"]
[Result "1-0"]
[WhiteElo "2295"]
[BlackElo "2275"]

1.Nf3 d5 2.c4 dxc4 3.Qa4+ Nd7 4.Qxc4 Ngf6 5.d4 e6 6.Nc3 a6 7.g3 c5 8.Bg2 b5
9.Qd3 Bb7 10.O-O cxd4 11.Qxd4 Bc5 12.Qh4 Qb6 13.b4 Be7 14.Be3 Qd8 15.Qd4 Rc8
16.Rac1 Rc4 17.Qa7 Qc8 18.a3 O-O 19.Na2 Bd5 20.Rxc4 Qxc4 21.Nc1 Ra8 22.Qd4 Qxd4
23.Nxd4 Bxg2 24.Kxg2 Rc8 25.Nd3 Nd5 26.Bd2 Bf6 27.Nb3 Rc2 28.Rc1 Rxc1 29.Bxc1 Be7
30.e4 N5b6 31.Na5 Kf8 32.f3 Ke8 33.Kf2 Na4 34.Be3 Ndb6 35.Ke1 Nc4 36.Nxc4 bxc4
37.Ne5 c3 38.Kd1 Bf6 39.Nd3 Kd7 40.Kc2 Kc6 41.e5 Be7 42.Kb3 Kb5 43.Nc1 a5
44.Ne2 Nb6 45.Nxc3+ Ka6 46.Bxb6 Kxb6 47.Kc4 axb4 48.axb4 h5 49.Ne4 h4 50.f4 hxg3
51.hxg3 f6 52.Nc5 g5 53.exf6  1-0

[Event "Paris-ch"]
[Site "Paris"]
[Date "1990.??.??"]
[Round "?"]
[White "Foisor, Cristina Adela B"]
[Black "Fayard, Alain"]
[Result "1/2-1/2"]
[WhiteElo "2295"]
[BlackElo "2255"]

1.Nf3 d5 2.c4 e6 3.g3 Nf6 4.Bg2 c6 5.O-O Nbd7 6.b3 Bd6 7.Bb2 O-O 8.d3 b5
9.Nbd2 bxc4 10.dxc4 a5 11.Qc2 e5 12.Rfd1 d4 13.Ng5 Ra6 14.Nge4 Be7 15.Nxf6+ Nxf6
16.Ne4 Nxe4 17.Qxe4 Qc7 18.e3 c5 19.exd4 exd4 20.Re1 Bf6 21.Qd3 Be6 22.Be4 g6
23.Bc1 a4 24.Bh6 Rd8 25.h4 Qa7 26.Rab1 axb3 27.axb3 Bg7 28.Bg5 f6 29.Bf4 Bf7
30.Bd5 Qd7 31.b4 Bxd5 32.cxd5 Rb6 33.d6 Qb5 34.Qe4 cxb4 35.Qxd4 g5 36.hxg5 fxg5
37.Be5 Rbxd6 38.Qg4 Rg6 39.Rxb4 Qd7 40.Qe2 Qf7 41.Re4 Re6 42.Bxg7 Rxe4  1/2-1/2

[Event "Paris-ch"]
[Site "Paris"]
[Date "1990.??.??"]
[Round "?"]
[White "Rashkovsky, Nukhim N"]
[Black "Boudre, Jean Pierre"]
[Result "1-0"]
[WhiteElo "2540"]
[BlackElo "2355"]

1.Nf3 d5 2.c4 c6 3.d4 Nf6 4.Qc2 dxc4 5.Qxc4 Bf5 6.g3 e6 7.Bg2 Nbd7 8.O-O Be7
9.a4 a5 10.Nc3 h6 11.Re1 Bb4 12.e4 Bxc3 13.bxc3 Bxe4 14.Ba3 Nb6 15.Qe2 Nbd5
16.Ne5 Bxg2 17.Kxg2 Qc7 18.Nc4 O-O-O 19.Rec1 h5 20.Qe5 Rd7 21.Rab1 Ng4 22.Nd6+ Kb8
23.Qxg7 Qd8 24.Nxf7 Rg8 25.Nxd8 Rdxg7 26.Nxc6+ Ka8 27.Ne5 Nf4+ 28.Kf3 Nxe5+
29.dxe5 Nd3 30.Rc2 Nxe5+ 31.Kg2 Nc4 32.Bc1 h4 33.Rb5 b6 34.Rh5 hxg3 35.hxg3 e5
36.Re2 Re8 37.Re4 Rc7 38.Rh6 Kb7 39.g4 Rd8 40.Bg5 Rd3 41.Bf6 Rxc3 42.g5 Nd6
43.Rxe5 Nf7 44.Re4 R3c5 45.Rg6 Nd6 46.Rf4 Rf7 47.Rg8 Rh7 48.g6 Rh6 49.Be7 Rd5
50.Bxd6 Rxd6 51.Rf7+ Kc6 52.g7 Kd5 53.Re8  1-0

[Event "Philadelphia op2"]
[Site "Philadelphia"]
[Date "1990.??.??"]
[Round "?"]
[White "Ashley, Maurice"]
[Black "Yermolinsky, Alex"]
[Result "0-1"]
[WhiteElo "2380"]
[BlackElo "2535"]

1.Nf3 d5 2.c4 d4 3.d3 Nc6 4.g3 e5 5.Bg2 Nf6 6.O-O Nd7 7.e3 Be7 8.exd4 exd4
9.Re1 O-O 10.Nbd2 a5 11.Ne4 h6 12.g4 Nde5 13.Nxe5 Nxe5 14.h3 Ng6 15.g5 hxg5
16.Qh5 Nf4 17.Bxf4 gxf4 18.Re2 Ra6 19.a3 a4 20.Rae1 Rg6 21.Kf1 Be6 22.Nd2 Rh6
23.Qb5 b6 24.Re4 Bd7 25.Qe5 Bf6 26.Qd5 c6 27.Qd6 Rxh3  0-1

[Event "World op"]
[Site "Philadelphia"]
[Date "1990.??.??"]
[Round "8"]
[White "Alburt, Lev O"]
[Black "Zaltsman, Vitaly F"]
[Result "1-0"]
[WhiteElo "2565"]
[BlackElo "2435"]

1.Nf3 d5 2.c4 dxc4 3.e3 e6 4.Bxc4 a6 5.a3 c5 6.O-O Nf6 7.Qe2 Be7 8.Rd1 O-O
9.Ba2 b5 10.d4 cxd4 11.e4 Nc6 12.e5 Nd7 13.Nxd4 Nxd4 14.Rxd4 Qc7 15.Bf4 Bb7
16.Nc3 Rfd8 17.Rc1 Qb6 18.Be3 Qa5 19.b4 Qxa3 20.Nb1 Qa4 21.Qb2 Nxe5 22.Bb3 Nd3
23.Rxd3 Qxb4 24.Bd2 Qh4 25.Rh3 Bf6 26.Bc3 Bxc3 27.Nxc3 Qf4 28.Re3 Rac8 29.Rce1 Qf6
30.Rxe6 fxe6 31.Rxe6 Qf8 32.Re8+ Kh8 33.Rxf8+ Rxf8 34.f3 Rce8 35.Ne2 Bc6
36.Nf4 Ba8 37.Qd4 Rd8 38.Ng6+  1-0

[Event "URS-chT"]
[Site "Podolsk"]
[Date "1990.??.??"]
[Round "?"]
[White "Panchenko, Alexander N"]
[Black "Moroz, Alexander"]
[Result "1/2-1/2"]
[WhiteElo "2445"]
[BlackElo "2385"]

1.Nf3 d5 2.c4 e6 3.g3 dxc4 4.Qa4+ Nd7 5.Bg2 a6 6.Qxc4 b5 7.Qc2 Bb7 8.O-O Ngf6
9.a4 c5 10.axb5 axb5 11.Rxa8 Qxa8 12.d3 Be7 13.Nc3  1/2-1/2

[Event "URS-chT"]
[Site "Podolsk"]
[Date "1990.??.??"]
[Round "?"]
[White "Vitolinsh, Alvis"]
[Black "Smagin, Sergey"]
[Result "1/2-1/2"]
[WhiteElo "2430"]
[BlackElo "2520"]

1.Nf3 d5 2.c4 c6 3.b3 Bg4 4.e3 e6 5.Bb2 Nd7 6.Be2 Ngf6 7.O-O Bd6 8.Nc3 O-O
9.h3 Bh5 10.d4 Ne4  1/2-1/2

[Event "URS-chT"]
[Site "Podolsk"]
[Date "1990.??.??"]
[Round "?"]
[White "Sherbakov, Ruslan"]
[Black "Ivanov, Sergey"]
[Result "1/2-1/2"]
[WhiteElo "2360"]
[BlackElo "2460"]

1.Nf3 d5 2.c4 e6 3.g3 Nf6 4.Bg2 dxc4 5.Qa4+ Nbd7 6.Qxc4 a6 7.Qb3 c5 8.d3 Bd6
9.a4 Rb8 10.a5 O-O 11.O-O b5 12.axb6 Nxb6 13.Nfd2 Nfd5 14.Qd1 Nb4 15.Na3 Bd7
16.Nac4 Nxc4 17.Nxc4 Bb5 18.Be3 Bxc4 19.dxc4 Qc7 20.Qa4 Be5 21.Qa5 Nc2 22.Qxc7 Bxc7
23.Bxc5 Nxa1 24.Bxf8  1/2-1/2

[Event "URS-ch (Women)"]
[Site "Podolsk"]
[Date "1990.??.??"]
[Round "5"]
[White "Pudkova, Tatiana N"]
[Black "Chelushkina, Irina"]
[Result "0-1"]
[WhiteElo "2130"]
[BlackElo "2370"]

1.Nf3 d5 2.c4 e6 3.g3 Nf6 4.Bg2 Be7 5.O-O O-O 6.b3 c5 7.Bb2 Nc6 8.e3 Re8
9.Qe2 a6 10.d3 b5 11.cxd5 exd5 12.d4 c4 13.Ne5 Bb7 14.Nd2 Rc8 15.Rfc1 Bb4
16.a3 c3 17.Bxc3 Bxc3 18.Rxc3 Nxd4 19.exd4 Rxc3 20.Ndf3 h6 21.Nh4 Qc7 22.Qd2 Rc8
23.Rf1 Rc1 24.Nf5 Rxf1+ 25.Bxf1 Ne4 26.Qe3 Rd8 27.f3 Ng5 28.h4 Nh7 29.Bd3 Nf8
30.Ng4 Bc8 31.Nfxh6+ Kh8 32.Ne5 Be6 33.Qf4 Rc8 34.Nhxf7+ Bxf7 35.Nxf7+ Kg8
36.Ne5 Qc1+ 37.Qxc1 Rxc1+ 38.Kf2 Rc3 39.a4 Rxb3 40.axb5 a5 41.Ke2 a4 42.Bc2 Rb2
43.Kd1 a3 44.Kc1 Ne6 45.Nc6 Nc7 46.f4 Kf8 47.Ne5 Rxb5 48.Bb1 Rb2 49.Bc2 Rb4
50.Bb1 Nb5 51.Nd3 Rb3  0-1

[Event "URS-ch (Women)"]
[Site "Podolsk"]
[Date "1990.??.??"]
[Round "11"]
[White "Pudkova, Tatiana N"]
[Black "Shumiakina, Tatiana"]
[Result "1/2-1/2"]
[WhiteElo "2130"]
[BlackElo "2230"]

1.Nf3 d5 2.c4 c6 3.b3 Bg4 4.Bb2 e6 5.e3 Nf6 6.Be2 Nbd7 7.O-O Bd6 8.d4 Ne4
9.Ne5 Bxe2 10.Qxe2 Nxe5 11.dxe5 Be7 12.cxd5 cxd5 13.b4 h6 14.a3 O-O 15.f3 Ng5
16.Nd2 a5 17.Qb5 Qe8 18.Qxe8 Rfxe8 19.bxa5 Rxa5 20.Rfc1 Bc5 21.Kf2 b6 22.a4  1/2-1/2

[Event "RLPF-chA"]
[Site "Polch"]
[Date "1990.??.??"]
[Round "?"]
[White "Kessler, Alexander"]
[Black "Jacobs, A."]
[Result "1/2-1/2"]
[WhiteElo "2150"]
[BlackElo "1975"]

1.Nf3 d5 2.c4 e6 3.e3 Nf6 4.b3 Be7 5.Bb2 O-O 6.Qc2 Nbd7 7.d3 Re8 8.Nbd2 Bf8
9.Be2 b6 10.O-O Bb7 11.Rfd1 Rc8 12.Nf1 c5 13.Ng3 Qc7 14.Rac1 Qb8 15.Re1 Qa8
16.Rcd1 e5 17.e4 d4 18.Bc1 Qb8 19.Ng5 Bd6 20.Nf5 Bc7 21.Bf3 Nf8 22.Qe2 h6
23.Nh3 Ne6 24.g3 Rcd8 25.Bg2 Kh7 26.Qf3 Ng8 27.Nh4 Rf8 28.Qe2 Bc6 29.Rf1 a6
30.f4 Rde8 31.f5 Nd8 32.g4 f6 33.Bd2 Rf7 34.Kh1 Rd7 35.Ng1 Nf7 36.Ng6 Ne7
37.Qf2 Kg8 38.Nxe7+ Rexe7 39.h4 Kf8 40.Nf3 Ke8 41.Kh2 Kd8 42.Kg3 Kc8 43.Rb1 Re8
44.Qe2 Rdd8 45.a3 Bd6 46.b4 Qa7 47.Bh3 Kc7 48.Rb2 Rb8 49.Rfb1 Be7 50.Qe1 cxb4
51.Bxb4 Bc5 52.Qd1  1/2-1/2

[Event "Prague Metro"]
[Site "Prague"]
[Date "1990.??.??"]
[Round "2"]
[White "Freisler, Pavel"]
[Black "Gerstner, Wolfgang"]
[Result "1-0"]
[WhiteElo "2270"]
[BlackElo "2340"]

1.Nf3 d5 2.c4 c6 3.b3 Nf6 4.g3 Bf5 5.Bg2 e6 6.O-O Be7 7.Bb2 O-O 8.d3 h6 9.Nbd2 Nbd7
10.Qc2 Bh7 11.Bc3 Re8 12.Qb2 Bd6 13.Ne5 Nxe5 14.Bxe5 Bxe5 15.Qxe5 Qb6 16.a3 a5
17.Rab1 Qc5 18.b4 axb4 19.axb4 Qe7 20.Rb2 Kf8 21.Rfb1 b6 22.Rc1 Rec8 23.h3 Ra7
24.Nf3 Ra4 25.cxd5 exd5 26.Rbc2 Rxb4 27.Rxc6 Rxc6 28.Rxc6 Rb1+ 29.Kh2 Qxe5
30.Nxe5 Rb2 31.Bf3 Bf5 32.g4 Be6 33.Rc7 Ne8 34.Rb7 Nd6 35.Rb8+ Ke7 36.Kg3 b5
37.Kf4 Kf6 38.Nc6 Rb1 39.Ke3 h5 40.Kd4 hxg4 41.hxg4 Rb2 42.Kc5 Nc8 43.Nb4 Ne7
44.Rb7 Ng6 45.Nxd5+ Kg5 46.Rxb5 Rxb5+ 47.Kxb5 Nh4 48.Kc5 Nxf3 49.exf3 f5
50.Kd6 Bf7 51.Ne3 fxg4 52.fxg4 Kf4 53.d4 Bb3 54.d5 g5 55.Kc5 Kf3 56.Nc4 Ba4
57.Ne5+ Kxf2 58.d6 Be8 59.d7 Bxd7 60.Nxd7 Kf3 61.Nf6  1-0

[Event "Vysehrad"]
[Site "Prague"]
[Date "1990.??.??"]
[Round "3"]
[White "Freisler, Pavel"]
[Black "Mueller, Karsten"]
[Result "1/2-1/2"]
[WhiteElo "2270"]
[BlackElo "2380"]

1.Nf3 d5 2.c4 c6 3.b3 Bg4 4.Bb2 Nd7 5.d3 Ngf6 6.Nbd2 e6 7.g3 Bxf3 8.Nxf3 Qb6
9.Qc2 Ng4 10.e3 Bb4+ 11.Bc3 O-O 12.Be2 e5 13.Bxb4 Qxb4+ 14.Qd2 Qd6 15.h3 Nh6
16.O-O Nf5 17.cxd5 cxd5 18.Rac1 Rac8 19.Rxc8 Rxc8 20.Rc1 Rxc1+ 21.Qxc1 Ne7
22.Qc3 f6 23.b4 Nc6 24.a3 Kf8 25.Bd1 Ne7 26.Bb3 a5 27.e4 axb4 28.axb4 Qc6
29.Qa1 dxe4 30.dxe4 Nb6 31.Qd1 Qd7 32.Qc2 Nbc8 33.h4 Nd6 34.Qd3 Qc6 35.Nd2 b5
36.Kg2 Ke8 37.f3 Kd7 38.Nf1 Qb6 39.Ne3 Nc6 40.Nd5 Qd4 41.Qxd4 Nxd4 42.Bd1 Ne8
43.Kf2 Nc7 44.Nc3 Nc6 45.Be2 Nxb4 46.Nxb5 Nxb5 47.Bxb5+ Kd6 48.Bc4 Kc5 49.Bg8 h6
50.Ke3 Nc2+ 51.Kd3 Nd4 52.f4 Kb4 53.fxe5 fxe5 54.Bf7 Nb5 55.Be6 Nd6 56.Bd5 Ne8
57.Be6 Nf6 58.Bf7 Nd7 59.Bd5 Kc5 60.Bf7 Nf6 61.Bg6 Kb5 62.Kc3 Ng4 63.Bh5 Nf2
64.Be8+ Kc5 65.Bg6 Ng4 66.Bh5 Nf6 67.Bg6 Nd7 68.Be8 Nb6 69.Bf7 Nc8 70.Be6 Nd6
71.Kd3 Kb4 72.Bd5 Ne8 73.Be6 Nf6 74.Bf7 Nd7 75.Bd5 Nc5+ 76.Kd2 Nb3+ 77.Kd3 Nd4
78.Bf7 Nb3 79.Bd5 Nc5+ 80.Kd2 Na4 81.Kc2 Nc3 82.Kd3 Na4 83.Kc2 Nb6 84.Kd3 Nd7
85.Bg8 Nc5+ 86.Ke3 Kc3 87.Bf7 Nd7 88.Bd5 Nf6 89.Bf7 Kc2 90.Bg6 Kd1 91.Bf7 Ke1
92.Bc4 g6 93.Bb5 Ng4+ 94.Kf3 Nf6 95.Ke3 g5 96.hxg5 hxg5 97.Bc4 g4 98.Bb5 Nh5
99.Be2 Nf6 100.Bb5 Nh5 101.Be2 Nxg3 102.Bxg4 Nf1+ 103.Kd3 Kf2 104.Bc8 Kf3
105.Bb7 Kf4 106.Ba8 Ng3 107.Bb7 Nh5 108.Ba8 Nf6 109.Bb7 Nd7 110.Ba8 Nc5+
111.Kd2 Kf3 112.Bd5 Kf4 113.Ba8 Nxe4+ 114.Bxe4 Kxe4 115.Ke2 Kd4 116.Kd2 e4
117.Ke2 e3 118.Ke1 Kd3 119.Kd1 e2+ 120.Ke1 Ke3  1/2-1/2

[Event "Vysehrad-B"]
[Site "Prague"]
[Date "1990.??.??"]
[Round "5"]
[White "Tichy, Vladimir"]
[Black "Praszak, Michal"]
[Result "1/2-1/2"]
[WhiteElo "2380"]
[BlackElo "2275"]

1.Nf3 d5 2.c4 e6 3.g3 c6 4.b3 f5 5.Bg2 Nf6 6.O-O Bd6 7.d4 Qe7 8.Bb2 O-O 9.Nbd2 Bd7
10.Ne5 Be8 11.Ndf3 Nbd7 12.Qd3 Ne4 13.Nxd7 Qxd7 14.a4 g5 15.Ba3 Bxa3 16.Rxa3 Rd8
17.Ne5 Qd6 18.c5 Nxc5 19.Qe3 Ne4 20.Bxe4 f4 21.Bxh7+ Kxh7 22.Qd3+ Kg7 23.Raa1 Rf6
24.Rac1 Bg6 25.Qf3 Rh8 26.Qg4 Rh5 27.h4 Rf5 28.e3 fxg3 29.fxg3 Rxe5 30.dxe5 Qxe5
31.Qd4 gxh4 32.g4 Rg5 33.Rf4 Kh6 34.Kf2 Qxd4 35.exd4 e5 36.dxe5 Rxe5 37.Re1 Rxe1
38.Kxe1 Kg5 39.Rf8 Kxg4 40.Rg8 Kh5 41.Rg7 Be4 42.Kf2 d4 43.Rxb7 h3 44.Kg3 a5
45.Re7 Bd5 46.Kxh3 Kg5 47.Kg3 Bxb3 48.Kf3 Kf5 49.Ke2 Bxa4 50.Kd3 Kf6 51.Re1 c5
52.Kc4 Bc2 53.Kxc5 d3 54.Kc4 d2 55.Rf1+  1/2-1/2

[Event "Vysehrad"]
[Site "Prague"]
[Date "1990.??.??"]
[Round "9"]
[White "Freisler, Pavel"]
[Black "Pergericht, Daniel"]
[Result "1/2-1/2"]
[WhiteElo "2270"]
[BlackElo "2280"]

1.Nf3 d5 2.c4 c6 3.b3 Nf6 4.g3 Bf5 5.Bg2 e6 6.Bb2 Be7 7.d3 O-O 8.O-O h6 9.Nbd2 a5
10.a3 Bh7 11.Qc2 Na6 12.Ne5 Qb6 13.Rab1 Rfd8 14.Ndf3 Ne8 15.Bh3 Nec7 16.Qd2 f6
17.Ng4 d4 18.Nxh6+ gxh6 19.Qxh6 c5 20.g4 Kh8 21.Bc1 Rg8 22.Kh1 Qc6 23.Rg1 Rg6
24.Qh5 Rag8 25.Rg3 Qe8 26.g5 R6g7 27.Qh4 Qd8 28.Bd2 fxg5 29.Qh6 g4 30.Rbg1 Rg6
31.Qh5 Ne8 32.Ne5 Nf6 33.Nf7+ Kg7 34.Qxg6+ Bxg6 35.Nxd8 Bxd8 36.Bxg4 Nxg4
37.Rxg4  1/2-1/2

[Event "Prague T10"]
[Site "Prague"]
[Date "1990.??.??"]
[Round "9"]
[White "Hausner, Ivan"]
[Black "Mozny, Milos"]
[Result "1/2-1/2"]
[WhiteElo "2440"]
[BlackElo "2375"]

1.Nf3 d5 2.c4 e6 3.d4 Nf6 4.Nc3 Be7 5.Bg5 O-O 6.Qc2 Nbd7 7.e3 c6 8.Bd3 h6
9.Bh4 b6 10.cxd5 cxd5 11.O-O Bb7 12.Rac1 Ne8 13.Bg3 Bd6 14.Ne5  1/2-1/2